000 01781cam a22004337a 4500
003 CHAP
005 20220329141936.0
008 980821d1997 mx rs 00110 spa d
010 _a76020
011 _a76992
020 _a9701317092
035 _a86587
040 _cCHAP
082 0 4 _a317.2
_bI57 S.L.P.
110 2 _aInstituto Nacional de Estadística, Geografía e Informática. México
_959304
245 1 0 _aPerspectiva estadística de San Luis Potosí
_c/por Instituto Nacional de Estadística Geografía e Informática
260 _aAguascalientes, Ags. :
_bInstituto Nacional de Estadística Geografía e Informática,
_c1997.
300 _a105 p. :
_bcuadros ; gráfs.
590 _aBATCH-UPD
_b10
_c20130110
_lUCH01
_h0048
590 _aBATCH-UPD
_b10
_c20130110
_lUCH01
_h0556
590 _aBATCH-UPD
_b10
_c20130110
_lUCH01
_h2306
590 _aBATCH-UPD
_b10
_c20130409
_lUCH01
_h2035
590 _aBATCH-UPD
_b10
_c20130410
_lUCH01
_h0342
590 _aBATCH-UPD
_b10
_c20130913
_lUCH01
_h2042
590 _aCONVERSION
_b10
_c20130109
_lUCH01
_h1342
650 1 4 _aAgricultura
_xEstadísticas
_zSan Luis Potosí.
_91465
650 1 4 _aBosques
_xEstadísticas
_xSan Luis Potosí.
_914159
650 1 4 _aEmpleo
_xSan Luis Potosí.
_936577
650 1 4 _aGanadería
_xEstadísticas
_zSan Luis Potosí.
_944724
650 1 4 _aPoblación
_zSan Luis Potosí.
_989436
650 1 4 _aSan Luis Potosí
_xEstadísticas.
_9101968
650 1 4 _aSan Luis Potosí
_xHistoria.
_9101970
650 1 4 _aVivienda
_xSan Luis Potosí.
_9120145
901 _aBK
905 _aAlejandra Carrasco M.
942 _cLIBRO
949 _a317.2 I57 S.L.P.
_bBC
_cINEGI
_d33724000699625
_eINEGI
_h93809
_i86587
_sb
_t$34.00
949 _a317.2 I57 S.L.P.
_bBC
_cINEGI
_d33724000699633
_eINEGI
_fc.2
_h93810
_i86587
_sb
_t$34.00
999 _c76020
_d76020